Drying 25 mm boards milled from regrwoth Jarrah logs

Bibliographic Details
Main Author: BRENNAN 1958-
Corporate Author: Wood Utilisation Research Centre (W. A.)
Format: Book
Published: (Harvey, W. A.) : Wood Utilisation Research Centre , 1990
Series:Wood Utilisation Research Centre; report n. 14
Subjects:

MARC

LEADER 00000cam a2200000 7i4500
001 0000002218
005 20030329.0
090 0 0 |a 338.17498   |b BRE 1990 
100 1 0 |a BRENNAN   |h G. K.   |c 1958- 
245 1 0 |a Drying 25 mm boards milled from regrwoth Jarrah logs   |c G. K. Brennan 
260 0 0 |a (Harvey, W. A.) :   |b Wood Utilisation Research Centre ,   |c 1990 
300 |a v, 9 p. :   |b 1 ill. ;   |c 30 cm. 
440 0 0 |a Wood Utilisation Research Centre; report n. 14 
500 0 0 |a Bibliography: p. 7 
650 0 0 |a Jarrah 
650 0 0 |a Lumber   |x Drying 
710 1 1 |a Wood Utilisation Research Centre (W. A.) 
998 |a JPSM 
999 |a 0000003867   |b Monograph   |c Open Shelf   |e Default branch